Virtuálne vodcovstvo v podniku diplomová práca

Na minha lista:
Detalhes bibliográficos
Autor principal: Sečanská, Terézia
Autor Corporativo: Fakulta podnikového manažmentu EU. Katedra manažmentu
Outros Autores: Skorková, Zuzana, 1979-
Formato: Livro
Idioma:eslovaco
Publicado em: Bratislava 2024
Tags: Adicionar Tag
Sem tags, seja o primeiro a adicionar uma tag!

MARC

LEADER 00000nbm a2200000 4500
001 0300921
005 20250211130327.0
041 0 |a slo 
044 |a SK 
245 1 0 |a Virtuálne vodcovstvo v podniku  |b diplomová práca  |c Terézia Sečanská ; školiteľ: Zuzana Skorková 
264 1 |a Bratislava  |c 2024 
300 |a 83 s. 
100 1 |a Sečanská, Terézia 
700 1 |a Skorková, Zuzana, 1979- 
710 2 |a Fakulta podnikového manažmentu EU. Katedra manažmentu